LIBRARY & INFORMATION CENTRE, KCAET, TAVANUR

ONLINE PUBLIC ACCESS CATALOGUE (OPAC)

Climate under cover: Digital dynamics simulation in plant bio-engineering / (Record no. 10713)

MARC details
000 -LEADER
fixed length control field 00499cam a2200169ua 4500
020 ## - INTERNATIONAL STANDARD BOOK NUMBER
ISBN 0-7923-2104-9
041 ## - LANGUAGE CODE
Language code of text/sound track or separate title eng
082 ## - DEWEY DECIMAL CLASSIFICATION NUMBER
Classification number 551.68
Item number TAK/CL
100 ## - MAIN ENTRY--AUTHOR NAME
Personal name Takakura, Tadashi .
245 ## - TITLE STATEMENT
Title Climate under cover: Digital dynamics simulation in plant bio-engineering /
260 ## - PUBLICATION, DISTRIBUTION, ETC. (IMPRINT)
Place of publication London :
Name of publisher Kluwer Academic Publishers ,
Year of publication 1993.
300 ## - PHYSICAL DESCRIPTION
Number of Pages 155 ; .
942 ## - ADDED ENTRY ELEMENTS (KOHA)
Koha item type Books
Holdings
Withdrawn status Lost status Damaged status Home library Current library Date acquired Full call number Accession Number Koha item type
      KAUAET KAUAET 07/04/2012 551.68 TAK/CL 18435 Books
free website counter